| 000 | 01144nam a2200313 i 4500 | ||
|---|---|---|---|
| 001 | 178490 | ||
| 003 | ES-MaACL | ||
| 005 | 20230906220537.0 | ||
| 008 | 110603s1986 sp ao |||| | spa d | ||
| 020 | _a84-86152-17-8 | ||
| 080 | _a617.54(075.8) | ||
| 080 | _a616.4:617(075.8) | ||
| 080 | _a618.19:617(075.8) | ||
| 245 | 0 | 0 |
_aPatología quirúrgica _b: (tórax, endocrino y mama) / _c[cirugía torácica, J. L. Martín de Nicolás Sérrahima, cirugía endocrina, J. A. de Diego Carmona, cirugía de la mama, Luis Molina Triguero]. |
| 260 |
_aMadrid : _bLuzán 5, _cD. L. 1986. |
||
| 300 |
_a322 p. : _bil. ; _c24 cm. |
||
| 490 | 1 |
_aPregrado quirúrgico ; _v4 |
|
| 500 | _aIncluye test al final. | ||
| 504 | _aBibliografía. | ||
| 650 | 4 |
_aTórax- _xCirugía. _9161633 |
|
| 650 | 4 |
_aEndocrinología. _9144424 |
|
| 650 | 4 |
_aMamas- _xCirugía. _9161634 |
|
| 700 | 1 |
_aDiego Carmona, José A. de. _9146900 |
|
| 700 | 1 |
_aMolina Triguero, Luis. _9146906 |
|
| 700 | 1 |
_aMartín de Nicolás Sérrahima, J. L. _9146904 |
|
| 830 | 0 |
_aPregrado quirúrgico ; _v4 _9190997 |
|
| 852 |
_aES-MaACL _jE-15239 _xOlim P-600 |
||
| 999 |
_c178490 _d178490 |
||